000 00553nam a2200217Ia 4500
003 OSt
005 20220924134007.0
006 a|||||r|||| 00| 0
007 ta
008 220923b |||||||| |||| 00| 0 snd d
024 _a271538
037 _cTextual
040 _aARTS
_cARTS
_bsnd
041 _2snd
_asnd
082 _aO111,6M03x, 1593H5
100 _aGulzar P Ram Tr.
_9207820
245 0 _aEmersonis essays
260 _c1945
942 _hO111,6M03x, 1593H5
_cTEXL
_2CC
999 _c435991
_d435991